LEADER 01792nam2 2200349 i 450 001 URB0330933 005 20231121125914.0 010 $a8806149776 100 $a20021128d2002 ||||0itac50 ba 101 | $aita 102 $ait 181 1$6z01$ai $bxxxe 182 1$6z01$an 200 0 $a1 210 $aTorino$cG. Einaudi$d\2002! 215 $aXXVI, 804 p., \3! c. di tav.$cill.$d22 c m. 462 1$1001URB0330926$12001 $a˜Il œFriuli Venezia Giulia$fa cura di Roberto Finzi, Claudio Magris e Giovanni Miccoli$v1$1702 1$aMiccoli$b, Giovanni$f <1933-2017>$3CFIV013652$1702 1$aFinzi$b, Roberto$3CFIV020018$1702 1$aMagris$b, Claudio$f <1939- >$3CFIV037876 801 3$aIT$bIT-01$c20021128 850 $aIT-RM028 $aIT-RM0289 $aIT-RM0418 $aIT-RM0264 $aIT-RM0319 $aIT-FR0084 $aIT-RM0460 $aIT-FR0017 899 $aBiblioteca Universitaria Alessandrina$bRM028 899 $aBiblioteca Statale A. Baldini$bRM0289 899 $aBIBLIOTECA ACCADEMIA NAZ. DEI LINCEI E CORSINIANA$bRM0418 899 $aBiblioteca militare centrale dello Stato maggiore dell'esercito$bRM0264 899 $aBiblioteca dello Stato Maggiore dell' Aeronautica$bRM0319 899 $aBiblioteca Del Monumento Nazionale Di Montecassino$bFR0084 899 $aBiblioteca Dell' Archivio Centrale Dello Stato$bRM0460 899 $aBiblioteca umanistica Giorgio Aprea$bFR0017 $eN 912 $aURB0330933 950 2$aBiblioteca umanistica Giorgio Aprea$d 52S.L. 945.08 SIR.Ein.4.1$e 52FLS0000242905 VMB RS $fC $h20131021$i20131021 977 $a 01$a 04$a 10$a 16$a 22$a 25$a 27$a 52 996 $a1$961339 997 $aUNICAS